Score 0/30 Timer 10:00
0 Plays Today
% Correct
Strong Woman Do Bong Soon
93.1%
My Love from the Star
89.3%
Fight for My Way
89.1%
Weightlifting Fairy Kim Bok Joo
88.6%
Moon Lovers: Scarlet Heart Ryeo
87.2%
W
85.1%
Boys Over Flowers
84.8%
Healer
82%
Touch Your Heart
80.8%
I'm Not a Robot
78.4%
Moonlight Drawn by Clouds
77.7%
Doctors
76.1%
Cheese in the Trap
75.1%
Kill Me, Heal Me
72%
Master's Sun
71.8%
% Correct
Radio Romance
70.1%
Emergency Couple
68.2%
Are You Human?
67.8%
Because This Is My First Life
66.1%
Shopping King Louis
64.9%
That Winter, The Wind Blows
62.6%
Innocent Man (Nice Guy)
61.8%
Still 17 (Thirty but Seventeen)
57.6%
Hyde, Jekyll, Me
57.3%
King 2 Hearts
55.9%
Princess Hours (Goong)
53.1%
Yong Pal
51.7%
Romantic Dontor, Teacher Kim
50.7%
Tomorrow, With You
50%
The Crowned Clown
47.9%
Remove Ads.
Support Sporcle.
Get the best of Sporcle when you Go Orange. This ad-free experience offers more features, more stats, and more fun while also helping to support Sporcle. Thank you for becoming a member.

You're not logged in!

Compare scores with friends on all Sporcle quizzes.
OR
Log In

Show Comments

Extras

Top Quizzes Today


Score Distribution

Your Account Isn't Verified!

In order to create a playlist on Sporcle, you need to verify the email address you used during registration. Go to your Sporcle Settings to finish the process.

Report this User

Report this user for behavior that violates our Community Guidelines.

Details: